[Event "Zaraisk"]
[Site "Zaraisk"]
[Date "2009.11.21"]
[Round "5"]
[White "Chichaev, Ivan"]
[Black "Khasanov, Yuri"]
[Result "0-1"]
[WhiteElo "1752"]
[BlackElo "1944"]
[PlyCount "84"]
[EventDate "2009.11.14"]
[EventType "tourn"]
[EventRounds "11"]
[EventCountry "RUS"]
[SourceTitle "EXT 2012"]
[Source "ChessBase"]
[SourceDate "2011.11.24"]
[SourceVersion "1"]
[SourceVersionDate "2011.11.24"]
[SourceQuality "1"]

1. c4 e5 2. Nc3 Nf6 3. e4 Bb4 4. Nge2 Nc6 5. a3 Bc5 6. b4 Bd4 7. d3 h6 8. Be3 Bxe3 9. fxe3 Ng4 10. Qd2 Qh4+ 11. g3 Qf6 12. Ng1 Qd8 13. h3 Nf6 14. Be2 d6 15. g4 Be6 16. Nd5 Nh7 17. Nf3 Ne7 18. d4 Ng6 19. 0-0-0 c6 20. Nc3 a5 21. b5 Qe7 22. d5 cxd5 23. Nxd5 Bxd5 24. Qxd5 Rd8 25. b6 Nf6 26. Qb5+ Rd7 27. Nd2 0-0 28. h4 d5 29. Qxa5 d4 30. g5 hxg5 31. hxg5 Nh7 32. exd4 Nf4 33. Bg4 Rxd4 34. Nb3 Rd3 35. Rxd3 Nxd3+ 36. Kc2 Nf2 37. Rg1 Qxg5 38. Qd2 Qh4 39. Qe2 Rd8 40. Qf3 Nd3 41. Rd1 Ne1+ 42. Rxe1 Qxe1 0-1

[Event "Zaraisk"]
[Site "Zaraisk"]
[Date "2009.11.21"]
[Round "6"]
[White "Fedorov, Aleksandr B"]
[Black "Chichaev, Ivan"]
[Result "1-0"]
[WhiteElo "2042"]
[BlackElo "1752"]
[PlyCount "37"]
[EventDate "2009.11.14"]
[EventType "tourn"]
[EventRounds "11"]
[EventCountry "RUS"]
[SourceTitle "EXT 2012"]
[Source "ChessBase"]
[SourceDate "2011.11.24"]
[SourceVersion "1"]
[SourceVersionDate "2011.11.24"]
[SourceQuality "1"]

1. c4 f5 2. g3 Nf6 3. Bg2 e6 4. Nf3 Be7 5. 0-0 0-0 6. Nc3 Nc6 7. d4 d5 8. Ne5 Ne4 9. Nxc6 bxc6 10. Nxe4 fxe4 11. f3 exf3 12. Bxf3 Bb7 13. Be3 Bf6 14. Rc1 e5 15. dxe5 Bxe5 16. Bd4 Qd6 17. cxd5 cxd5 18. Bc5 Qg6 19. Bxd5+ 1-0